000 00418nam a2200133Ia 4500
005 20260328104332.0
008 260328s9999||||xx |||||||||||||| ||und||
100 _aMinisterio de Cultura y Patrimonio
245 0 _aLas tres Esperanza. Instituto de Fomento de las Artes .Innovación y creatiVidades /
_cMinisterio de Cultura y Patrimonio
260 _bDuque Silva
300 _a213 p.
650 _aDIBUJO
942 _cBK
999 _c11758
_d11758